Los hijos de Sánchez / (Record no. 10796)

MARC details
000 -CABECERA
campo de control de longitud fija 00866nam a22002777a 4500
001 - NÚMERO DE CONTROL
campo de control BRCA_9177
003 - IDENTIFICADOR DEL NÚMERO DE CONTROL
campo de control FranzMayer
005 - FECHA Y HORA DE LA ÚLTIMA TRANSACCIÓN
campo de control 20220809123311.0
008 - DATOS DE LONGITUD FIJA--INFORMACIÓN GENERAL
campo de control de longitud fija 220629b |||||||| |||| 00| 0 spa d
040 ## - FUENTE DE LA CATALOGACIÓN
Centro/agencia transcriptor MFM
041 ## - CÓDIGO DE LENGUA
Código de lengua del texto/banda sonora o título independiente spa
050 ## - SIGNATURA TOPOGRÁFICA DE LA BIBLIOTECA DEL CONGRESO
Número de clasificación HQ590 .L493 1971
100 ## - ENTRADA PRINCIPAL--NOMBRE DE PERSONA
Nombre de persona Lewis, Oscar
Término indicativo de función/relación autor
9 (RLIN) 10487
245 14 - MENCIÓN DE TÍTULO
Título Los hijos de Sánchez /
Mención de responsabilidad, etc. Oscar Lewis
250 ## - MENCIÓN DE EDICIÓN
Mención de edición 10ma ed.
260 ## - PUBLICACIÓN, DISTRIBUCIÓN, ETC.
Lugar de publicación, distribución, etc. México, D.F. :
Nombre del editor, distribuidor, etc. Editorial Joaquín Mortiz
Fecha de publicación, distribución, etc. 1971
300 ## - DESCRIPCIÓN FÍSICA
Extensión XXXV, 521 p.
Dimensiones 20.5 cm
500 ## - NOTA GENERAL
Nota general Ubicación: L60-N1
500 ## - NOTA GENERAL
Nota general Incluye árbol genealógico de la familia Sánchez
500 ## - NOTA GENERAL
Nota general Incluye Apéndice con la Resolución del Procurador General de la República
650 ## - PUNTO DE ACCESO ADICIONAL DE MATERIA--TÉRMINO DE MATERIA
Fuente del encabezamiento o término Familia
Subdivisión geográfica México
9 (RLIN) 4504
650 ## - PUNTO DE ACCESO ADICIONAL DE MATERIA--TÉRMINO DE MATERIA
Fuente del encabezamiento o término Pobreza
Subdivisión geográfica México
9 (RLIN) 4504
651 ## - PUNTO DE ACCESO ADICIONAL DE MATERIA--NOMBRE GEOGRÁFICO
Fuente del encabezamiento o término Ciudad de México
Subdivisión general Condiciones sociales
9 (RLIN) 28384
942 ## - ELEMENTOS DE PUNTO DE ACCESO ADICIONAL (KOHA)
Fuente del sistema de clasificación o colocación Library of Congress Classification
Tipo de ítem Koha Libros
Holdings
Estado de retiro Estado de pérdida Fuente del sistema de clasificación o colocación Estado dañado No para préstamo Localización permanente Ubicación/localización actual Fecha de adquisición Total de préstamos Signatura topográfica completa Código de barras Fecha visto por última vez Número de copia Precio válido a partir de Tipo de ítem Koha
El ejemplar forma parte de la colección y puede ser consultado según las políticas vigentes.   Library of Congress Classification     Biblioteca del Museo Franz Mayer (Rogerio Casas-Alatriste) Biblioteca del Museo Franz Mayer (Rogerio Casas-Alatriste) 29/06/2022   HQ590 .L493 1971 CONT9950 29/06/2022 1 29/06/2022 Libros